Basic numerical mathematics /
Guardado en:
| Autor Principal: | |
|---|---|
| Formato: | Libro |
| Idioma: | English |
| Publicado: |
New York :
Academic Press,
1978-1980, c1977-c1979.
|
| Series: | International series of numerical mathematics ;
v. 14, etc. |
| Materias: | |
| Etiquetas: |
Agregar Etiqueta
Sin Etiquetas, Sea el primero en etiquetar este registro!
|
| LEADER | 01066cam a2200289 a 4500 | ||
|---|---|---|---|
| 001 | MAT.inmabb004270 | ||
| 008 | 780329m19781980nyua#####b####001#0#eng## | ||
| 005 | 20130325181453.0 | ||
| 245 | 1 | 0 | |a Basic numerical mathematics / |c by John Todd. |
| 260 | |a New York : |b Academic Press, |c 1978-1980, c1977-c1979. | ||
| 300 | |a 2 v. : |b il. ; |c 24 cm. | ||
| 490 | 1 | |a International series of numerical mathematics ; |v v. 14, 22 | |
| 504 | |a Incluye referencias bibliográficas e índices. | ||
| 505 | 0 | |a v. 1. Numerical analysis. -- v. 2. Numerical algebra. | |
| 510 | 4 | |a MR, |c 83e:65005 (v. 1) | |
| 510 | 4 | |a MR, |c 58 #3289 (v. 2) | |
| 020 | |a 0126924015 (v. 1) | ||
| 020 | |a 0126924023 (v. 2) | ||
| 100 | 1 | |a Todd, John, |d 1911- | |
| 830 | 0 | |a International series of numerical mathematics ; |v v. 14, etc. | |
| 650 | 0 | |a Numerical analysis. | |
| 650 | 0 | |a Numerical analysis |x Data processing. | |
| 084 | |a 65-01 |2 msc2000 | ||
| 010 | |a 78006740 | ||
| 040 | |a DLC |c DLC |d DLC | ||
| 859 | |h 65 |i T633 |p A-5938 |v 1 |3 v. 1 |b BIB. MATEMATICA | ||
| 859 | |h 65 |i T633 |p A-5939 |v 2 |3 v. 2 |b BIB. MATEMATICA | ||
